Expansiones: Poesías

Na minha lista:
Detalhes bibliográficos
Autor principal: Barros Méndez, Luis (Autor)
Formato: Livro
Idioma:espanhol
Publicado em: Santiago Imprenta Barcelona 1894
Edição:1a. ed
Assuntos:
Tags: Adicionar Tag
Sem tags, seja o primeiro a adicionar uma tag!

MARC

LEADER 00000nam a2200000 a 4500
001 UCJ3953
003 CL-VaPUC
008 070124e18940000CL |||||||||||||||||spa|d
082 0 4 |a Ch861  |b BAR  |2 21 
100 0 |a Barros Méndez, Luis  |e author  |9 506626 
245 1 0 |a Expansiones: Poesías 
250 |a 1a. ed 
300 |a 211 p 
942 |c BK 
945 |d 20070124 00:00:00  |a rinostro 
260 |a Santiago  |b Imprenta Barcelona  |c 1894 
650 0 |a Poesía chilena   |9 268403 
583 |a last modification  |c 20070124 00:00:00  |k Rodrigo Vera 
999 |c 320071  |d 320069 
952 |0 0  |1 0  |4 0  |6 CH_861_000000000000000_BAR_1894  |7 0  |8 X  |9 398530  |a FDOBUD  |b FDOBUD  |d 2019-11-22  |i 1011421  |o Ch861 BAR 1894  |p 1011421  |r 2019-11-22  |w 2019-11-22  |y BK_X  |k BUD